000 00924nam0a22002771 4500
001 v19\rc\1507973
005 20250618164212.0
035 _a(NLR Aleph) 004633452
090 _a3198101
_c3198101
100 _a20060620d1884 |||y0rusy50 ca
101 0 _arus
102 _aRU
105 _ay z |||||
200 1 _aВодобоязнь
_eСведения о предохран. специф. против этой болезни средстве
_fСобр. и сост. А. Д-ий
210 _aСанкт-Петербург
_cтип. т-ва "Обществ. польза"
_d1884
215 _a28 с.
_d21
320 _aБиблиогр.: "Источники" (с. 27-28)
702 1 _aД-ий
_bА.
_4220
801 0 _aRU
_bNLR
_gpsbo
801 0 _aRU
_bRuMoRGB
_2psbo
801 1 _aRU
_bProSoft-M
_2rusmarc
852 _aNLR
_j18.199.4.227
899 _aRuMoRGB
_jA 152/436
899 _aБАН
942 _cBOOK
980 _aNB